Alkaloidy z rastlín, vyskytujúcich sa na Slovensku

Bibliographic Details
Main Author: L. Č. (Author)
Format: Article
Language:Slovak

MARC

LEADER 00000nab a2200000 a 4500
001 vtls011113135
003 SK-MaSNL
005 20260303150637.0
008 230222|1941 xo |||||||||||||||||slo|
015 |a SNBRB 
035 |a (uuid)13b0d776-13ba-4e38-9093-47e7b2fd84c9 
035 |a (urnnbn)urn:nbn:sk:snk:ar-a08h9d 
035 |a urn:nbn:sk:snk-ab9joh 
040 |a SNKBUCL  |b slo  |c SNKBUCL  |e AACR2 
041 0 |a slo 
044 |a xo  |c SK 
100 1 |a L. Č.  |4 aut  |9 1133087 
245 1 0 |a Alkaloidy z rastlín, vyskytujúcich sa na Slovensku  |c L. Č. 
773 0 |t Slovenské liečivé rastliny  |g Roč. 1, č. 12 (1941), s. 346-349 
954 |a odborná, vedecká literatúra pôvodná (slovenská)  |2 lita 
958 |a OND 
958 |a EUIPO 
958 |a article13 
999 |c 2012259  |d 2014189